Numerical Methods Using Matlab (Record no. 46478)

MARC details
000 -LEADER
fixed length control field 00407nam a2200169Ia 4500
008 - FIXED-LENGTH DATA ELEMENTS--GENERAL INFORMATION
fixed length control field 230524s9999 xx 000 0 und d
082 ## - DEWEY DECIMAL CLASSIFICATION NUMBER
Classification number 658.12
Item number MAT
100 ## - MAIN ENTRY--AUTHOR NAME
Personal name John H.Mathews
245 #0 - TITLE STATEMENT
Title Numerical Methods Using Matlab
250 ## - EDITION STATEMENT
Edition statement 4TH
260 ## - PUBLICATION, DISTRIBUTION, ETC. (IMPRINT)
Place of publication NEW DELHI
Name of publisher PHI
Year of publication 2009
300 ## - PHYSICAL DESCRIPTION
Number of Pages V;673
500 ## - GENERAL NOTE
General note Quantity Number: 5
650 ## - SUBJECT ADDED ENTRY--TOPICAL TERM
Topical Term Mathematics
700 ## - ADDED ENTRY--PERSONAL NAME
Personal name Kurtis D.Fink
942 ## - ADDED ENTRY ELEMENTS (KOHA)
Koha item type Books
Holdings
Lost status Damaged status Permanent Location Current Location Shelving location Date acquired Full call number Accession Number Koha item type
    Central Library, Trident Academy of Technology Central Library, Trident Academy of Technology General Stacks 05/24/2023 658.12 MAT 37044 Books
    Central Library, Trident Academy of Technology Central Library, Trident Academy of Technology General Stacks 05/24/2023 658.12 MAT 37045 Books
    Central Library, Trident Academy of Technology Central Library, Trident Academy of Technology General Stacks 05/24/2023 658.12 MAT 37046 Books
    Central Library, Trident Academy of Technology Central Library, Trident Academy of Technology General Stacks 05/24/2023 658.12 MAT 37047 Books
    Central Library, Trident Academy of Technology Central Library, Trident Academy of Technology General Stacks 05/24/2023 658.12 MAT 37048 Books
Trident Academy of Technology © 2023.
All rights reserved.                                                                                                                                                                                                        Designed by Team of Central Library .

Powered by Koha